000 00334nam a2200133Ia 4500
008 190216s9999||||xx |||||||||||||| ||und||
100 _aGunnar Myrdal
245 0 _aAsian Drama An Inquiry Into The Poverty Of Nations
250 _a1st Ed.
260 _bKalyani Publisher
_c1982
300 _a1530
650 _aEconomics
942 _cBK
999 _c9720
_d9720